000
00313nam a2200133Ia 4500
008
191201s2009 xx 000 0 und d
100
_a
Kalavathy, S
245
0
_a
Operation Research
250
_a
Rep.
260
_a
N.Delhi
_b
Vikas Publication House
_c
2009
300
_a
536
650
_a
MBA
942
_2
ddc
_c
BK
_0
1
999
_c
3829
_d
3829